Conjonction de coordination de la phrase mnémotechnique - Statistiques

Statistiques générales
  • Ce quiz a été pris 117 fois
  • Le résultat moyen est 7 sur 7
Statistiques - réponses
Conjonction de coordination % Correct
car?
100%
Mais
100%
ni
100%
or
100%
ou
100%
donc
99%
et
98%
Aucun quiz correspondant
Distribution des résultats
% des personnes avec chaque résultat
Percentile par nombre de réponses
Votre historique - résultats
Vous n’avez pas pris ce quiz